000 00525nam a2200181Ia 4500
005 20250508162024.0
008 008 250505s9999 xx 000 0 eng d
037 _aTextual
040 _aFEDL
_beng
_cFEDL
041 _aeng
_2eng
084 _a304.6, KOH
_qFEDL
100 _aKohli K. L.
_9310433
245 0 _aMortality in India : A state-wise study
260 _aNew Delhi, India
_bSterling Publishers Pvt. Ltd.
_c1977
300 _axviii,296p.
942 _cTEXL
_h304.6, KOH
999 _c1373883
_d1373883